[Event "COL-ch U16"]
[Site "Villavicencio"]
[Date "2022.05.12"]
[Round "3"]
[White "Urueta Gonzalez, Yeiren David"]
[Black "Buitrago Pinto, Samuel Alejandro"]
[Result "1/2-1/2"]
[WhiteElo "1518"]
[BlackElo "1417"]
[PlyCount "29"]
[EventDate "2022.05.11"]
[EventType "swiss"]
[EventRounds "9"]
[EventCountry "COL"]
[SourceTitle "CBM 208 Extra"]
[Source "ChessBase"]
[SourceDate "2022.07.31"]
[SourceVersion "1"]
[SourceVersionDate "2022.07.31"]
[SourceQuality "1"]

1. d4 d5 2. Nf3 Nf6 3. e3 e6 4. Bd3 c5 5. c3 b6 6. Nbd2 Bb7 7. 0-0 Be7 8. Re1 0-0 9. Qe2 Nbd7 10. e4 dxe4 11. Nxe4 Nxe4 12. Bxe4 Bxe4 13. Qxe4 Nf6 14. Qc2 Rc8 15. Be3 1/2-1/2